[Event "Dublin Bolger Cup"]
[Site "Dublin"]
[Date "2022.03.26"]
[Round "3"]
[White "Schoonackers, Jeroen"]
[Black "Maze, Sebastien"]
[Result "0-1"]
[WhiteElo "2073"]
[BlackElo "2527"]
[PlyCount "62"]
[EventDate "2022.03.25"]
[EventType "swiss"]
[EventRounds "5"]
[EventCountry "IRL"]
[SourceTitle "CBM 207 Extra"]
[Source "ChessBase"]
[SourceDate "2022.05.31"]
[SourceVersion "1"]
[SourceVersionDate "2022.05.31"]
[SourceQuality "1"]

1. d4 Nf6 2. c4 g6 3. Nc3 Bg7 4. e4 d6 5. Nf3 0-0 6. Be2 Na6 7. Be3 e5 8. 0-0 c6 9. Re1 Qe8 10. Qc2 Ng4 11. d5 Nxe3 12. fxe3 Bh6 13. Bf1 c5 14. a3 f5 15. exf5 gxf5 16. e4 f4 17. Qf2 Rf6 18. Bd3 Qh5 19. Qh4 Qg6 20. Nb5 Bg4 21. Kf2 Kh8 22. Rg1 Qg7 23. Raf1 Rg6 24. Be2 Rg8 25. Nxa7 Nc7 26. g3 fxg3+ 27. Rxg3 Bf4 28. Rg2 Rh6 29. Rxg4 Qxg4 30. Qxg4 Rxg4 31. Ke1 Rg8 0-1

[Event "Prague Autumn op 1st"]
[Site "Prague"]
[Date "2021.09.25"]
[Round "3"]
[White "Poysti, Nathanael Nicolai"]
[Black "Schoonackers, Jeroen"]
[Result "0-1"]
[WhiteElo "2216"]
[BlackElo "2066"]
[PlyCount "70"]
[EventDate "2021.09.24"]
[EventType "swiss"]
[EventRounds "5"]
[EventCountry "CZE"]
[SourceTitle "CBM 204 Extra"]
[Source "ChessBase"]
[SourceDate "2021.11.30"]
[SourceVersion "1"]
[SourceVersionDate "2021.11.30"]
[SourceQuality "1"]

1. c4 c6 2. d4 d5 3. cxd5 cxd5 4. Bf4 Nf6 5. e3 Nc6 6. Nc3 Bf5 7. Nf3 e6 8. Qb3 Bb4 9. Bb5 Qa5 10. 0-0 0-0 11. Bxc6 bxc6 12. Na4 Ne4 13. Rfc1 Rac8 14. Ne5 c5 15. dxc5 Nxc5 16. Nxc5 Bxc5 17. Nd7 Rfd8 18. Nxc5 Rxc5 19. Be5 Rdc8 20. Rxc5 Qxc5 21. h3 h6 22. a4 f6 23. Bc3 Qc6 24. Rd1 Be4 25. Rd4 Kh7 26. f3 Bf5 27. Qb5 Qc7 28. e4 dxe4 29. fxe4 e5 30. Rb4 Be6 31. Qb7 Qc5+ 32. Kh2 Rd8 33. Qa6 Qf2 34. Be1 Qxe1 35. Qxe6 Qxb4 0-1

[Event "Kiel op-A 29th"]
[Site "Kiel"]
[Date "2016.08.04"]
[Round "8"]
[White "Schmidt, Peter1111"]
[Black "Schoonackers, Jeroen"]
[Result "1/2-1/2"]
[WhiteElo "1971"]
[BlackElo "2055"]
[PlyCount "47"]
[EventDate "2016.07.30"]
[EventType "swiss"]
[EventRounds "9"]
[EventCountry "GER"]
[SourceTitle "EXT 2017"]
[Source "ChessBase"]
[SourceDate "2016.10.25"]
[SourceVersion "1"]
[SourceVersionDate "2016.10.25"]
[SourceQuality "1"]

1. e4 e5 2. Nf3 Nc6 3. Bc4 Bc5 4. 0-0 Nf6 5. d4 Bxd4 6. Nxd4 Nxd4 7. f4 d6 8. fxe5 dxe5 9. Bg5 Be6 10. Nd2 Qe7 11. c3 Bxc4 12. Nxc4 Ne6 13. Bxf6 gxf6 14. Qa4+ c6 15. Kh1 0-0 16. Qd1 Rad8 17. Qg4+ Kh8 18. Ne3 Rg8 19. Qh4 Rg6 20. Nf5 Qf8 21. Rf3 Ng5 22. Rf2 Qc5 23. Re2 Ne6 24. Qe1 1/2-1/2

[Event "Kiel op-A 29th"]
[Site "Kiel"]
[Date "2016.07.31"]
[Round "4"]
[White "Gottuk, Stefan"]
[Black "Schoonackers, Jeroen"]
[Result "1/2-1/2"]
[WhiteElo "2203"]
[BlackElo "2055"]
[PlyCount "55"]
[EventDate "2016.07.30"]
[EventType "swiss"]
[EventRounds "9"]
[EventCountry "GER"]
[SourceTitle "CBM 173 Extra"]
[Source "ChessBase"]
[SourceDate "2016.08.29"]
[SourceVersion "1"]
[SourceVersionDate "2016.08.29"]
[SourceQuality "1"]

1. e4 e5 2. Bc4 Nf6 3. d3 Nc6 4. Nf3 Bc5 5. c3 a6 6. Bb3 0-0 7. Nbd2 d5 8. Qe2 Re8 9. Nf1 h6 10. h3 Be6 11. Bc2 d4 12. c4 Bb4+ 13. N3d2 b5 14. a3 Bf8 15. b3 Nd7 16. g4 g6 17. Ng3 bxc4 18. bxc4 Nc5 19. Nb3 Nd7 20. Kf1 a5 21. a4 Nb4 22. Bd1 Nb6 23. Nd2 Be7 24. Kg2 Nd7 25. Nf3 Bg5 26. Bb2 Bf4 27. Bc2 Rb8 28. Rhb1 1/2-1/2

[Event "Hasselbacken op"]
[Site "Stockholm"]
[Date "2016.05.07"]
[Round "8"]
[White "Kaasen, Tor Fredrik"]
[Black "Schoonackers, Jeroen"]
[Result "0-1"]
[WhiteElo "2177"]
[BlackElo "2032"]
[PlyCount "96"]
[EventDate "2016.04.30"]
[EventType "swiss"]
[EventRounds "9"]
[EventCountry "SWE"]
[SourceTitle "CBM 172 Extra"]
[Source "ChessBase"]
[SourceDate "2016.06.21"]
[SourceVersion "1"]
[SourceVersionDate "2016.06.21"]
[SourceQuality "1"]

1. Nf3 d5 2. g3 Nf6 3. Bg2 c6 4. 0-0 Bg4 5. Ne5 Bh5 6. d4 e6 7. c4 Nbd7 8. Nc3 Nxe5 9. dxe5 Nd7 10. cxd5 cxd5 11. Qa4 Bc5 12. Rd1 0-0 13. Nxd5 exd5 14. Rxd5 Nb6 15. Rxd8 Nxa4 16. Rxa8 Rxa8 17. Bxb7 Rb8 18. Bd5 Bd4 19. Bb3 Nc5 20. Bf4 Nxb3 21. axb3 Rxb3 22. Rd1 Bb6 23. Rd2 h6 24. h4 Bg4 25. Kg2 Be6 26. e3 Kf8 27. Kf3 Ke8 28. g4 Rb5 29. Rc2 Rc5 30. Rxc5 Bxc5 31. h5 Bb3 32. e4 Bd4 33. Bc1 Bxe5 34. Ke3 Kd7 35. f4 Bf6 36. e5 Be7 37. Kd4 Bd1 38. f5 Bxg4 39. f6 gxf6 40. Bxh6 Bxh5 41. Be3 a6 42. Bc1 fxe5+ 43. Kxe5 Kc6 44. Bd2 Kc5 45. Ba5 Kb5 46. Bc3 a5 47. Kf5 a4 48. Kf4 Kc4 0-1

[Event "Hasselbacken op"]
[Site "Stockholm"]
[Date "2016.04.30"]
[Round "1"]
[White "Schoonackers, Jeroen"]
[Black "Almasi, Zoltan"]
[Result "0-1"]
[WhiteElo "2032"]
[BlackElo "2682"]
[PlyCount "86"]
[EventDate "2016.04.30"]
[EventType "swiss"]
[EventRounds "9"]
[EventCountry "SWE"]
[SourceTitle "CBM 172 Extra"]
[Source "ChessBase"]
[SourceDate "2016.06.21"]
[SourceVersion "1"]
[SourceVersionDate "2016.06.21"]
[SourceQuality "1"]

1. d4 Nf6 2. c4 e6 3. Nc3 Bb4 4. e3 b6 5. Nge2 c5 6. a3 Ba5 7. Rb1 Qe7 8. Bd2 Bxc3 9. Nxc3 Bb7 10. f3 0-0 11. Bd3 cxd4 12. exd4 Nc6 13. Be3 d5 14. cxd5 Nxd5 15. Nxd5 exd5 16. Kf2 Qh4+ 17. g3 Qf6 18. Re1 Na5 19. b3 Bc8 20. Qc2 h6 21. Kg2 Bd7 22. Rbc1 Rac8 23. Qb1 Rxc1 24. Rxc1 Bh3+ 25. Kf2 Re8 26. Rc7 Nc6 27. Qb2 Qd6 28. Bf4 Qe6 29. Bd2 Qf6 30. Be3 Bg4 31. Be2 Ne7 32. Bf4 Ng6 33. Qd2 Bf5 34. Rxa7 Qe6 35. Be3 Rc8 36. Bd3 Bxd3 37. Qxd3 Qh3 38. Kg1 h5 39. Rb7 h4 40. Qf1 Qe6 41. Qd3 hxg3 42. hxg3 Qh3 43. Kf2 Qh2+ 0-1